The new property boom (Record no. 64753)

MARC details
000 -LEADER
fixed length control field 00685cam a2200205 4500
001 - CONTROL NUMBER
control field ABS62875
008 - FIXED-LENGTH DATA ELEMENTS--GENERAL INFORMATION
fixed length control field 000000n2000 000 0 eng u
035 ## - SYSTEM CONTROL NUMBER
System control number (Sirsi) u108451
100 ## - MAIN ENTRY--PERSONAL NAME
Personal name McKee, W.
245 #4 - TITLE STATEMENT
Title The new property boom
260 ## - PUBLICATION, DISTRIBUTION, ETC.
Date of publication, distribution, etc. 2000
490 ## - SERIES STATEMENT
Series statement PFI Journal
Volume/sequential designation 5(4) September/October 2000, 104-105(2)
520 ## - SUMMARY, ETC.
Summary, etc. The author, Director-General of the British Property Federation, outlines some of the recent changes in the relationship between PFI and corporate occupancy.
590 ## - LOCAL NOTE (RLIN)
Local note ABS
650 ## - SUBJECT ADDED ENTRY--TOPICAL TERM
Topical term or geographic name entry element CORPORATE OCCUPIERS
650 ## - SUBJECT ADDED ENTRY--TOPICAL TERM
Topical term or geographic name entry element PFI
650 ## - SUBJECT ADDED ENTRY--TOPICAL TERM
Topical term or geographic name entry element PROPERTY INDUSTRY
690 ## - LOCAL SUBJECT ADDED ENTRY--TOPICAL TERM (OCLC, RLIN)
Topical term or geographic name as entry element MANAGEMENT-BUSINESS MANAGEMENT-FINANCIAL MANAGEMENT
942 ## - ADDED ENTRY ELEMENTS (KOHA)
Suppress in OPAC 0
Holdings
Withdrawn status Lost status Source of classification or shelving scheme Damaged status Not for loan Home library Current library Shelving location Date acquired Total Checkouts Full call number Barcode Date last seen Copy number Price effective from Koha item type
    Dewey Decimal Classification     London London Journal article 26/09/2000   ABS62875 108451-1001 06/08/2019 1 06/08/2019 Journal article